000 00346 a2200145 4500
250 _a3ème éd.
245 _aMédecine d'urgence : anesthésie réanimation
100 _aFrançois, G.
700 _aCara, M.
700 _aDelenze, R.
260 _c1983
300 _aXII-356 p.
999 _c17543
_d17543